Rising Stars Roster NBA 2026 - Statistics

General Stats
  • This quiz has been taken 78 times
  • The average score is 16 of 28
Answer Stats
Team Answer % Correct
Dallas Mavericks Cooper Flagg
98%
San Antonio Spurs Stephon Castle
97%
Washington Wizards Alex Sarr
89%
Charlotte Hornets Kon Knueppel
88%
San Antonio Spurs Dylan Harper
86%
Maine Celtics Ron Harper Jr
86%
Philadelphia 76ers VJ Edgecombe
85%
New Orleans Pelicans Derik Queen
82%
Houston Rockets Reed Sheppard
82%
Chicago Bulls Matas Buzelis
79%
Portland Trailblazers Donovan Clingan
74%
New Orleans Pelicans Jeremiah Fears
73%
Washington Wizards Tre Johnson
73%
Brooklyn Nets Egor Demin
68%
Memphis Grizzlies Cedric Coward
65%
Memphis Grizzlies Jaylen Wells
62%
Washington Wizards Kyshawn George
58%
Miami Heat Kel'el Ware
53%
Oklahoma City Thunder Ajay Mitchell
48%
Toronto Raptors Collin Murray-Boyles
47%
Cleveland Cavaliers Jaylon Tyson
47%
Rip City Remix Yang Hansen
26%
Memphis Grizzlies Cam Spencer
20%
Austin Spurs David Jones Garcia
11%
Raptors 905 Alijah Martin
3%
Rio Grande Valley Vipers Tristen Newton
3%
San Diego Clippers Yanic Konan Niederhauser
3%
Salt Lake City Stars Sean East II
2%
No matching quizzes found
Score Distribution
Percent of People with Each Score
Percentile by Number Answered
Your Score History
You have not taken this quiz